Quizzes
Events
Quiz Creation
Community
Videos
Private Events
Remove Ads
Sign In
Join for FREE
Feedback
Dark Mode
Quiz Categories
Sports
Geography
Music
Movies
Television
Just For Fun
Miscellaneous
History
Literature
Language
Science
Gaming
Entertainment
Religion
Holiday
For Kids
Quiz Lab
Recent
Popular Today
Quiz Kudos Today
Editor Picks
Curator Picks
Quizzes by...
Day
Popularity
Type
Ratings
Length
Year
Community
Subscriptions
Recent Discussions
Orange Saloon
Badges
Playlists
Quests
Create
Leaderboards
Showdown
Live 5
Trivia Bingo
Activity
Puzzle Library
Sporcle Events
Private Events
Virtual Trivia
Globe League
Become a Host
Pub Owners
SporcleCon
Opinionation
Our Games
Videos
Blog
Mobile Apps
Partnerships
Remove Ads and Go Orange
Feedback
Music
Pop Music
The Beatles
Song
Album
Lyrics
Bands
Singers
Artist
Clip
Rock
Rap
Classical
Billboard
Country Music
Kpop
Taylor Swift
Music
Pop Music
The Beatles
Song
Album
Lyrics
Bands
Singers
Artist
Clip
Rock
Rap
Classical
Billboard
Country Music
Kpop
Taylor Swift
Random Quiz
Search Sporcle
×
Quiz Lab
Quiz Lab
Music
Artist
Type in answers that appear in a list
Type in answers that appear in a list
Classic
Best Score? Go Orange.
100 Greatest Artists of All Time Stats
Can you name the 100 Greatest Artists of All Time According to Rolling Stone??
By
commiesmasher
20m
100 Questions
1,373 Plays
1,373 Plays
1,373 Plays
Comments
Comments
Give Quiz Kudos
Give Quiz Kudos
-
- Ratings
hide this ad
More Info
Replay
Link that replays current quiz
Next Quiz
Link to next quiz in quiz playlist
You Got
0%
They Got
Avg Score
59%
Avg Friend Score
Upgrade to see
Score Distribution
Jump to the score distribution portion of the page
Score
0/100
Timer
20:00
0
Plays Today
Rank
Artist
% Correct
1.
The Beatles
98.5%
3.
Elvis Presley
98%
4.
The Rolling Stones
96.6%
35.
Michael Jackson
96.2%
36.
Madonna
94%
2.
Bob Dylan
91.8%
9.
Aretha Franklin
91.8%
75.
The Eagles
90.9%
38.
John Lennon
90.4%
27.
Nirvana
88.6%
49.
Elton John
88.5%
72.
AC/DC
86.7%
70.
The Police
86.5%
41.
The Doors
85.1%
31.
Johnny Cash
84.8%
23.
Bruce Springsteen
84.7%
28.
Prince
84%
11.
Bob Marley
83.5%
12.
The Beach Boys
83.5%
29.
The Who
82.7%
15.
Stevie Wonder
82.7%
14.
Led Zeppelin
82.1%
6.
Jimi Hendrix
81.8%
5.
Chuck Berry
81.5%
7.
James Brown
81.3%
40.
Simon and Garfunkel
81.2%
42.
Van Morrison
80.3%
92.
Guns N' Roses
79%
30.
The Clash
78.1%
18.
Marvin Gaye
77.9%
82.
Eminem
77.3%
22.
U2
77%
57.
Aerosmith
75.7%
37.
Roy Orbison
75.6%
Rank
Artist
% Correct
10.
Ray Charles
75.5%
58.
Sex Pistols
72.8%
53.
Eric Clapton
72%
21.
Otis Redding
71.9%
46.
Janis Joplin
71.7%
67.
The Temptations
71.3%
24.
Jerry Lee Lewis
70.9%
85.
Black Sabbath
70.1%
26.
The Ramones
70.1%
61.
Tina Turner
70.1%
66.
Cream
69.6%
8.
Little Richard
68.1%
95.
Lynyrd Skynyrd
67.9%
39.
David Bowie
67.5%
64.
The Kinks
67.5%
13.
Buddy Holly
67.4%
77.
Beastie Boys
65.6%
97.
Diana Ross and the Supremes
64.7%
34.
Neil Young
64.1%
65.
Al Green
61.8%
52.
The Allman Brothers Band
59.7%
54.
Dr. Dre
58.5%
45.
The Byrds
57.8%
83.
N.W.A.
57%
62.
Etta James
56.3%
73.
Radiohead
55.8%
44.
Public Enemy
55.1%
60.
Joni Mitchell
52.5%
47.
Patti Smith
52.4%
16.
Sam Cooke
51.3%
86.
Tupac Shakur
49.8%
32.
Smokey Robinson and the Miracles
44.1%
50.
The Band
44.1%
79.
The Four Tops
44%
Rank
Artist
% Correct
69.
Carl Perkins
43.9%
74.
Hank Williams
43.4%
55.
Grateful Dead
43.2%
96.
Martha and the Vandellas
43%
33.
The Everly Brothers
42.2%
48.
Run-DMC
42%
90.
Carlos Santana
42%
19.
The Velvet Underground
41.4%
43.
Sly and the Family Stone
40.6%
78.
The Stooges
37.1%
25.
Fats Domino
36.3%
56.
Parliament/Funkadelic
34.9%
89.
The Yardbirds
34.5%
81.
The Drifters
34.3%
17.
Muddy Waters
34.1%
80.
Elvis Costello
34%
84.
James Taylor
32.4%
93.
Booker T. and the M.G.'s
31.1%
94.
Nine Inch Nails
31%
71.
Frank Zappa
26.8%
*63.
Phil Spector
26.4%
20.
Bo Diddley
24.8%
51.
Howlin' Wolf
23.6%
68.
Jackie Wilson
22.8%
91.
Ricky Nelson
22.1%
88.
Miles Davis
20.5%
76.
The Shirelles
18.6%
99.
Curtis Mayfield
11.5%
100.
Lee 'Scratch Perry
11.2%
98.
Roxy Music
8.6%
59.
Louis Jordan
6.8%
87.
Gram Parsons
6%
Quiz Playlist
Details
Report
Send in Message
Add To Playlist
More Info:
*Indicates producer, not performer.
Classic:
Type in answers that appear in a list
Quiz Source
Last Updated: Nov 22, 2018
Quiz Scoreboard
CHALLENGE
Sign Up to Join the Scoreboard
Show All
Scores
Hide
Comments
May contain spoilers
Recently Published
Movies - When Are They Set?
by FPL_Elf
Movies
5m
Popular People in 1961
by mucciniale
History
6m
1-10 Letter E Words III
by El_Dandy
Language
2m
More to Explore
Quiz From the Vault
Featured Blog Post
Where Did the Easter Bunny Come From?
hide this ad
You Might Also Like...
Tags
Artist Quiz
Famous Quiz
Song Quiz
100
100 Greatest
All Time
greatest
Rolling
Rolling Stone
stone
Today's Top Quizzes in Music
Browse Music
hide this ad
Today's Top Quizzes in Artist
Browse Artist
Top Contributed Quizzes in Music
1
Taylor Swift All Songs (2024)
2
2010s Album by Cover III
3
One Thing in Common: Music
4
Taylor Swift Logic Puzzle
5
Guess the Artist- 70s Songs
6
2010s Album by Cover IV
7
Guess the Taylor Swift song (Mystery Song)
8
2010s Album by Cover V
9
Lana Del Rey Discography (BTD to DYKTTATUOB)
10
2010s Album by Cover VI
Explore More
Trending Topics
Disney
Harry Potter
NBA
Crossword
Marvel
Kpop
Anime
Pokémon
The Office
Soccer
Song
WWE
Country
NFL
Puzzle
hide this ad
More By:
commiesmasher
Quiz
Plays
Rating
Category
Featured
Created
NBA Teams' Last MVP
125,264
4.60
Sports
Feb 22, 2016
NFL Teams' Last MVP
92,077
4.52
Sports
Dec 29, 2015
NFL QB Playoff Wins (2010s)
61,766
4.73
Sports
Aug 19, 2015
NFL Playoff Coaches (2010s)
25,058
4.73
Sports
Jan 13, 2018
State Quiz: New Jersey
11,551
4.39
Geography
Mar 20, 2010
Go to Creator's Profile
Score Distribution
Quiz Creator Spotlight
commiesmasher
Follow
Send a Message
Quizzes Created
-
Created Quiz Play Count
-
More By This Creator
Popular Quizzes Today
1
Find the US States - No Outlines Minefield
2
Find the Countries of Europe - No Outlines Minefield
3
The Countries of the World
4
Popular People in 1961
5
1-10 Letter E Words III
6
US States
7
Find the US States
8
One Thing in Common: World Cities II
More Music Quizzes
Missing Image or Not: Pink Floyd Songs
Quiz Lab
Trending Quizzes
Risky Map Clicking: Least Populous States A-Z
1-10 Letter F Words
1-10 Letter G Words
One Thing in Common: United Kingdom
Risky Map Clicking: Next State Alphabetically
Recently Updated
Leaping Animals
pecheneg
Reality TV Shows (A-Z)
bhenderson79
Rickey Henderson's Hall of Fame Teammates
pecheneg
Champions League XIs: Arsenal
pecheneg
Quick Pick: Celebrities in WWE's Hall of Fame
aduchscher
A-Z Keypad Blitz II
pecheneg
Multiple Oscar Actors
pecheneg
Mystery Phrase Blitz: Oscar 'Best Actors'
pecheneg
F. Scott Fitzgerald Novels
LTH
Pick 3 Villains
ddd62291
Trending Topics
NBA
Marvel
Harry Potter
Disney
Crossword
Kpop
Anime
The Office
NFL
Country
Pokémon
WWE
Soccer
Song
Puzzle
Your Account Isn't Verified!
In order to create a playlist on Sporcle, you need to verify the email address you used during registration. Go to your
Sporcle Settings
to finish the process.
Report this User
Report this user for behavior that violates our
Community Guidelines
.
Details:
Send Report
Go to the Sporcle.com Mobile Site →
Comments